00702 2200241 4500001002100000005001500021035002000036007000300056008004100059020002200100082001000122084001600132100002400148245011500172250001000287260004700297300002200344650002300366700001900389520003000408990001100438990001100449INLIS00000000000306620190201022558 a0010-0219000008ta190201 g 0 ind  a978-602-5790-00-3 a153.8 a153.8 AND a0 aANDHIKA, K. Pradana1 aAyo Berubah! :b30 Hari yang Menentukan Kesuksesan Hidup Anda /cAndhika K. Pradana; penyunting, Tim Hiputindo acet.1 aYogyakarta :bHijaz Pustaka Mandiri,c2018 a197 hlm. ;c21 cm aPSIKOLOGI.MOTIVASI0 aTIM, Hiputindo aBibliografi: hlm. 195-197 a6446 a a6446 b